Primenenije polinomov Čebyševa v čislennom analize
Gespeichert in:
| 1. Verfasser: | |
|---|---|
| Weitere Verfasser: | , |
| Format: | Buch |
| Sprache: | Russisch |
| Veröffentlicht: |
Riga
Zinatne
1984
|
| Tags: |
Keine Tags, Fügen Sie das erste Tag hinzu!
|
MARC
| LEADER | 00000nam a2200000 4500 | ||
|---|---|---|---|
| 001 | c105856 | ||
| 005 | 20041019155135.6 | ||
| 041 | 0 | |a rus | |
| 044 | |a LV | ||
| 245 | 1 | 0 | |a Primenenije polinomov Čebyševa v čislennom analize |c Nikolaj Ivanovič Vasil'jev, Jurij Aleksandrovič Klokov, Ausma Janovna Škerstena |
| 264 | 1 | |a Riga |b Zinatne |c 1984 | |
| 300 | |a 240 s. | ||
| 100 | 1 | |a Vasil'jev, Nikolaj Ivanovič | |
| 700 | 1 | |a Klokov, Jurij Aleksandrovič | |
| 700 | 1 | |a Škerstena, Ausma Janovna | |